000 00532nam a2200193Ia 4500
003 OSt
005 20240612141137.0
008 210210b1985 xxu||||| |||| 00| 0 eng d
040 _cAL
041 _aKannada
082 _aK894.3 VIJA
100 _aVIJAYASHRI.
_d ವಿಜಯಶ್ರೀ
_9170252
245 _aAvyaktadacheyinda.
_bಅವ್ಯಕ್ತದಾಚೆಯಿಂದ.
260 _aBengaluru
_bDarshana Prakashana
_c1985
300 _avi,356
690 _aKannada Fiction
_9170253
906 _a037075
942 _2ddc
_cBK
999 _c87208
_d87208